000 00490nam a2200169Ia 4500
999 _c29849
_d29849
003 OSt
005 20210104105202.0
008 190216s9999||||xx |||||||||||||| ||und||
040 _coclc
082 _a894.8121
_bEZH/K
100 _aEzhuthachan, Thunchath
_97468
245 0 _aKarnaparvam /
_cThunchath Ezhuthachan
260 _bCalicut University,
_c1967.
_aCalicut:
300 _a72p
650 _aKavithkal
942 _cBK
_2ddc
_h894.8121
_iEZH/K
_k894.8121
_mEZH/K